Lenguaje y Comunicación 6º Básico: texto del estudiante

Na minha lista:
Detalhes bibliográficos
Principais autores: Barra Miranda, Crescente (Autor), Léniz Ulloa, Estrella (Autor), Rivera Donoso, Paula (Autor), Salinas Luypaert, Rebeca (Autor)
Outros Autores: Otaíza Echard, Patricia Andrea (autora)
Formato: Livro
Idioma:espanhol
Publicado em: Santiago Ediciones SM Chile S. A 2016
Edição:1a. ed
Assuntos:
Tags: Adicionar Tag
Sem tags, seja o primeiro a adicionar uma tag!

MARC

LEADER 00000cam a2200000 a 4500
001 UCD9795
003 CL-VaPUC
008 170709e20160000cl |||||||||||||||||spa|d
020 |a 9789563632071 
082 0 4 |a 372.6  |b BAR  |2 21 
100 0 |a Barra Miranda, Crescente  |e author  |9 593508 
700 0 |a Léniz Ulloa, Estrella  |e author  |9 593509 
700 |a Otaíza Echard, Patricia Andrea  |e autora  |9 593510 
700 0 |a Rivera Donoso, Paula  |e author  |9 593511 
700 0 |a Salinas Luypaert, Rebeca  |e author  |9 593512 
245 1 0 |a Lenguaje y Comunicación 6º Básico: texto del estudiante 
250 |a 1a. ed 
300 |a 304 p 
942 |c BK 
945 |d 20170709 17:01:00  |a dcastane 
260 |a Santiago  |b Ediciones SM Chile S. A  |c 2016 
650 0 |a Educación básica   |9 224933 
650 0 |a Educación lingüística  |9 306506 
650 0 |a Métodos de enseñanza  |9 270413 
650 0 |a Libros de texto  |9 270019 
583 |a last modification  |c 20170709 17:01:00  |k Rodrigo Vera 
999 |c 368814  |d 368812 
952 |0 0  |1 0  |3 erb  |4 0  |6 372_600000000000000_BAR_2016  |7 0  |8 A  |9 484256  |a BIBEDU  |b BIBEDU  |i 5404517  |o 372.6 BAR 2016  |p 5404517  |r 2019-11-24  |w 2019-11-24  |y BK  |z Catalogado en:20170709  |k EPE